000
00251nam a2200097Ia 4500
008
120527s9999 xx 000 0 und d
100
_a
IKWUEMESI,C.K.et al.
245
_a
A discursive bazaar writing on African art.
260
_b
Pan-Africa
942
_c
BK
999
_c
24067
_d
24067